|
|
|
|
| LEADER |
00000cam a2200000 a 4500 |
| 001 |
1/119216 |
| 008 |
190618s1958####gr | ||| |||| ||gre|| |
| 040 |
|
|
|a GR-MyUa
|b gre
|c GR-MyUa
|e AACR2
|
| 041 |
0 |
|
|a gre
|
| 082 |
7 |
|
|a 489.37
|2 (23)
|
| 100 |
1 |
|
|a Παπαχριστοδούλου, Χριστόδουλος Ι.,
|d 1899-1988.
|
| 245 |
1 |
0 |
|a Μορφολογία των Ροδίτικων ιδιωμάτων :
|h [ανάτυπον] /
|c Χ. Παπαχριστοδούλου.
|
| 260 |
|
|
|a Αθήναι :
|b [χ.ό.],
|c 1958.
|
| 300 |
|
|
|a [9]-[109], 101 σ. ;
|c 25 εκ.
|
| 500 |
|
|
|a Ανάτυπον εκ του "Δωδεκανησιακού Αρχείου", τόμος γ' (1958).
|
| 500 |
|
|
|a Περιέχει υποσημειώσεις και παροράματα.
|
| 504 |
|
|
|a Περιλαμβάνει βιβλιογραφικές παραπομπές.
|
| 650 |
|
0 |
|a Greek language, Modern
|x Idioms
|z Greece
|z Rhodes (Island)
|
| 650 |
|
0 |
|a Greek language, Modern
|x Dialects
|z Greece
|z Rhodes (Island)
|
| 852 |
|
|
|a INST
|b RHODES
|c AKA
|e 20190618
|h 489.37 ΠΑΠ
|p 005400040918
|q 005400040918
|t BK
|y 4
|x 20220324
|
| 970 |
|
|
|a Μαρία
|b Κωτάκου
|z 18-06-2019
|